[Event "LSS CP-2006-P-00058"]
[Site "LSS email"]
[Date "2006.10.01"]
[Round "?"]
[White "Hartl, Hermann"]
[Black "Marcinkiewicz, Witold"]
[Result "1-0"]
[WhiteElo "2456"]
[BlackElo "2175"]
[PlyCount "24"]
[EventDate "2006.10.01"]
[EventType "tourn (corr)"]
[EventRounds "6"]
[EventCountry "GER"]
[SourceTitle "Corr 2015"]
[Source "ChessBase"]
[SourceDate "2015.07.17"]
[SourceVersion "1"]
[SourceVersionDate "2015.07.17"]
[SourceQuality "1"]

1. d4 d5 2. c4 c6 3. Nf3 Nf6 4. Nc3 a6 5. c5 Nbd7 6. Bf4 Nh5 7. e3 Nxf4 8. exf4 g6 9. Bd3 Bg7 10. 0-0 0-0 11. Re1 b6 12. cxb6 Nxb6 1-0

[Event "LSS SH-2006-0-00064"]
[Site "LSS email"]
[Date "2006.09.14"]
[Round "?"]
[White "Marcinkiewicz, Witold"]
[Black "Weglicki, Slawomir"]
[Result "1-0"]
[WhiteElo "2175"]
[BlackElo "1978"]
[PlyCount "24"]
[EventDate "2006.08.23"]
[EventType "tourn (corr)"]
[EventRounds "10"]
[EventCountry "GER"]
[SourceTitle "Corr 2015"]
[Source "ChessBase"]
[SourceDate "2015.07.17"]
[SourceVersion "1"]
[SourceVersionDate "2015.07.17"]
[SourceQuality "1"]

1. d4 Nf6 2. c4 g6 3. Nc3 Bg7 4. e4 d6 5. Nf3 0-0 6. Be2 e5 7. 0-0 exd4 8. Nxd4 Re8 9. f3 Nc6 10. Be3 Nh5 11. Qd2 f5 12. Rad1 fxe4 1-0

[Event "LSS SH-2006-0-00063"]
[Site "LSS email"]
[Date "2006.09.12"]
[Round "?"]
[White "Marcinkiewicz, Witold"]
[Black "Giurgiu, Nicolas T"]
[Result "0-1"]
[WhiteElo "2175"]
[BlackElo "2029"]
[PlyCount "24"]
[EventDate "2006.08.22"]
[EventType "tourn (corr)"]
[EventRounds "10"]
[EventCountry "GER"]
[SourceTitle "Corr 2015"]
[Source "ChessBase"]
[SourceDate "2015.07.17"]
[SourceVersion "1"]
[SourceVersionDate "2015.07.17"]
[SourceQuality "1"]

1. d4 d5 2. c4 e6 3. Nc3 c6 4. Nf3 Nd7 5. cxd5 exd5 6. Qc2 Ngf6 7. Bg5 Be7 8. e3 0-0 9. Bd3 Re8 10. 0-0-0 Nf8 11. h3 a5 12. g4 a4 0-1

[Event "IECG CM.2006.0.00296 email"]
[Site "IECG email"]
[Date "2006.02.11"]
[Round "?"]
[White "Marcinkiewicz, Witold"]
[Black "Gil, Zdzislaw"]
[Result "1-0"]
[WhiteElo "2204"]
[BlackElo "2147"]
[PlyCount "45"]
[EventDate "2006.02.11"]
[EventType "tourn (corr)"]
[EventRounds "6"]
[SourceTitle "Corr 2008"]
[Source "ChessBase"]
[SourceDate "2008.06.24"]
[SourceVersion "1"]
[SourceVersionDate "2008.06.24"]
[SourceQuality "1"]

1. e4 c5 2. Nf3 e6 3. d4 cxd4 4. Nxd4 a6 5. Bd3 Bc5 6. Nb3 Be7 7. Qg4 g6 8. Qe2 d6 9. 0-0 Nd7 10. c4 Ngf6 11. Bh6 Ne5 12. h3 Nh5 13. f4 Ng3 14. Qf2 Nxd3 15. Qxg3 Qb6+ 16. Kh1 Nc5 17. N1d2 Bd7 18. f5 gxf5 19. Qg7 0-0-0 20. exf5 Rdf8 21. f6 Bd8 22. Qg4 Rhg8 23. Bg7 1-0

[Event "IECG CM.2006.0.00296 email"]
[Site "IECG email"]
[Date "2006.02.11"]
[Round "?"]
[White "Schiller, Wilfried"]
[Black "Marcinkiewicz, Witold"]
[Result "1/2-1/2"]
[WhiteElo "2216"]
[BlackElo "2204"]
[PlyCount "118"]
[EventDate "2006.02.11"]
[EventType "tourn (corr)"]
[EventRounds "6"]
[SourceTitle "Corr 2008"]
[Source "ChessBase"]
[SourceDate "2008.06.24"]
[SourceVersion "1"]
[SourceVersionDate "2008.06.24"]
[SourceQuality "1"]

1. e4 c5 2. Nf3 d6 3. d4 cxd4 4. Nxd4 Nf6 5. Nc3 a6 6. Be3 e5 7. Nb3 Be6 8. f3 Be7 9. Qd2 0-0 10. 0-0-0 Nbd7 11. g4 b5 12. Kb1 b4 13. Nd5 Bxd5 14. exd5 Nb6 15. f4 Nfxd5 16. Bxb6 Nxb6 17. Bg2 Rc8 18. fxe5 Qc7 19. exd6 Bxd6 20. Be4 Rfd8 21. Qd3 Be5 22. Bxh7+ Kf8 23. Qe4 Nc4 24. Bf5 Nxb2 25. Qxb4+ Kg8 26. Rxd8+ Rxd8 27. Qc5 Qb8 28. Re1 Bf6 29. g5 Na4 30. Qe3 Nc3+ 31. Kc1 Nxa2+ 32. Kb1 Nc3+ 33. Kc1 Nd5 34. Qg3 Qxg3 35. hxg3 Bxg5+ 36. Kb2 Bf6+ 37. Ka3 g6 38. Bd3 Be7+ 39. Kb2 Bb4 40. Re4 a5 41. Bc4 Nc3 42. Rd4 Nd1+ 43. Kc1 Rxd4 44. Nxd4 Ne3 45. Bb3 Kg7 46. c4 Nf1 47. g4 Ne3 48. g5 Be7 49. Kd2 Bxg5 50. Kd3 Ng2 51. c5 Bd8 52. Ke4 Kf6 53. Nb5 Ke7 54. c6 f5+ 55. Ke5 Ne1 56. c7 Bxc7+ 57. Nxc7 Nd3+ 58. Kd4 Nb4 59. Ke5 Nc6+ 1/2-1/2

[Event "IECG CP.2005.P.00118"]
[Site "IECG email"]
[Date "2005.10.01"]
[Round "?"]
[White "Kuhn, Christian Helmut"]
[Black "Marcinkiewicz, Witold"]
[Result "1/2-1/2"]
[WhiteElo "1865"]
[BlackElo "2177"]
[PlyCount "113"]
[EventDate "2005.10.01"]
[EventType "tourn (corr)"]
[EventRounds "6"]
[SourceTitle "Corr 2008"]
[Source "ChessBase"]
[SourceDate "2008.06.24"]
[SourceVersion "1"]
[SourceVersionDate "2008.06.24"]
[SourceQuality "1"]

1. c4 e5 2. g3 f5 3. Bg2 Nf6 4. Nc3 Nc6 5. d3 Bb4 6. Bd2 0-0 7. Nf3 d6 8. 0-0 Bxc3 9. Bxc3 Qe8 10. e3 Qh5 11. Nh4 Qxd1 12. Raxd1 Be6 13. b3 g5 14. Nf3 h6 15. Nd2 Rae8 16. f4 Bd7 17. fxg5 hxg5 18. Nf3 Nh7 19. Rf2 g4 20. Nh4 Ng5 21. b4 Ne7 22. b5 e4 23. Rf4 exd3 24. Rxd3 Kh7 25. Ba5 b6 26. Bb4 Ne6 27. Rf1 Ng5 28. Ra3 a5 29. bxa6 Bc6 30. a7 Ra8 31. Bc3 Be4 32. Bxe4 Nxe4 33. Ba1 Nc6 34. Nxf5 Rxa7 35. Rxa7 Nxa7 36. Ne7 Rxf1+ 37. Kxf1 Nd2+ 38. Ke2 Nxc4 39. Nd5 c5 40. Nf6+ Kg6 41. Nxg4 b5 42. Nf6 Nc6 43. Nd5 b4 44. e4 N4a5 45. h4 c4 46. g4 Nb7 47. h5+ Kh6 48. Bf6 Nc5 49. g5+ Kxh5 50. Nf4+ Kg4 51. g6 Nxe4 52. Nd5 Ng3+ 53. Kd2 Nh5 54. g7 Nxg7 55. Bxg7 Kf3 56. Nb6 Na5 57. Bf8 1/2-1/2

[Event "IECG CA.2005.0.00158"]
[Site "IECG email"]
[Date "2005.09.21"]
[Round "1"]
[White "Marcinkiewicz, Witold"]
[Black "Woelfelschneider, Peter"]
[Result "1/2-1/2"]
[WhiteElo "2177"]
[BlackElo "2040"]
[PlyCount "108"]
[EventDate "2005.09.21"]
[EventType "tourn (corr)"]
[EventRounds "6"]
[SourceTitle "Corr 2008"]
[Source "ChessBase"]
[SourceDate "2008.06.24"]
[SourceVersion "1"]
[SourceVersionDate "2008.06.24"]
[SourceQuality "1"]

1. c4 e5 2. Nc3 Nf6 3. Nf3 Nc6 4. g3 Bc5 5. Bg2 d6 6. 0-0 0-0 7. d3 h6 8. a3 a5 9. h3 Be6 10. b3 Nd4 11. e3 Nxf3+ 12. Qxf3 c6 13. Bb2 Rc8 14. Rfd1 d5 15. Na4 Bd6 16. b4 Nd7 17. c5 Bc7 18. Qe2 Qg5 19. e4 d4 20. Bc1 Qg6 21. Rb1 axb4 22. Rxb4 Ra8 23. Rxb7 Rxa4 24. Rxc7 Nxc5 25. Qc2 Ra5 26. Qd2 Rfa8 27. Rxc6 Nb3 28. Qe1 Nxc1 29. Rdxc1 Rxa3 30. Qd2 Qf6 31. R6c2 Qd8 32. f4 exf4 33. gxf4 Qh4 34. f5 Bd7 35. Qf2 Qxf2+ 36. Kxf2 Rxd3 37. Bf1 Rda3 38. Rd2 Ra2 39. Rxa2 Rxa2+ 40. Kf3 Kf8 41. Kf4 f6 42. Rd1 Ke7 43. Bc4 Rf2+ 44. Kg3 Rb2 45. Kf3 Rb4 46. Be2 Kd6 47. Kf4 Ba4 48. Rd2 Kc5 49. Ra2 Kd6 50. Rd2 Kc5 51. Ra2 Bc6 52. Rc2+ Kd6 53. Rd2 Ba4 54. Ra2 Kc5 1/2-1/2

[Event "IECG QM.2005.0.00085 email"]
[Site "IECG email"]
[Date "2005.05.23"]
[Round "?"]
[White "Francisco, Angelo Rodrigues"]
[Black "Marcinkiewicz, Witold"]
[Result "0-1"]
[WhiteElo "2231"]
[BlackElo "2296"]
[PlyCount "130"]
[EventDate "2005.05.23"]
[EventType "tourn (corr)"]
[EventRounds "6"]
[SourceTitle "Corr 2008"]
[Source "ChessBase"]
[SourceDate "2008.06.24"]
[SourceVersion "1"]
[SourceVersionDate "2008.06.24"]
[SourceQuality "1"]

1. e4 d6 2. d4 Nf6 3. Nc3 g6 4. Be3 c6 5. Qd2 b5 6. Bd3 Nbd7 7. Nf3 Bg7 8. h3 0-0 9. a4 b4 10. Ne2 a5 11. c3 c5 12. 0-0 Bb7 13. Ng3 Qc7 14. Rfc1 b3 15. Bh6 c4 16. Bxg7 Kxg7 17. Bb1 Kh8 18. Qg5 e5 19. Nd2 Rae8 20. Ngf1 Nh5 21. Ne3 Nf4 22. Re1 f5 23. dxe5 dxe5 24. Nexc4 fxe4 25. Bxe4 Bxe4 26. Rxe4 Rf5 27. Qg3 Nc5 28. Re3 Ncd3 29. Qg4 Qc5 30. Rf1 Ref8 31. Qd1 Qc6 32. Qf3 Nd5 33. Rxd3 Rxf3 34. Rxf3 Rxf3 35. Nxe5 Qxa4 36. Ndxf3 Qa2 37. Rd1 Qxb2 38. Rxd5 Qc1+ 39. Kh2 b2 40. Nd2 Qxc3 41. Rd8+ Kg7 42. Rd7+ Kf8 43. Nef3 Qc8 44. Rxh7 Qa6 45. Rh8+ Kg7 46. Rd8 a4 47. Rd7+ Kf8 48. Nb1 a3 49. Nxa3 Qxa3 50. Nd2 Qa4 51. Rd8+ Kf7 52. Rd5 Qd1 53. Rd7+ Kg8 54. Ne4 Qxd7 55. Nf6+ Kg7 56. Nxd7 b1Q 57. Ne5 Qb8 58. f4 g5 59. g3 Qb2+ 60. Kg1 gxf4 61. gxf4 Kf6 62. Kf1 Kf5 63. Ke1 Qc2 64. h4 Kxf4 65. Kf1 Kxe5 0-1

[Event "IECG QM.2005.0.00085 email"]
[Site "IECG email"]
[Date "2005.05.23"]
[Round "?"]
[White "Hansen, John"]
[Black "Marcinkiewicz, Witold"]
[Result "1/2-1/2"]
[WhiteElo "2216"]
[BlackElo "2296"]
[PlyCount "49"]
[EventDate "2005.05.23"]
[EventType "tourn (corr)"]
[EventRounds "6"]
[SourceTitle "Corr 2008"]
[Source "ChessBase"]
[SourceDate "2008.06.24"]
[SourceVersion "1"]
[SourceVersionDate "2008.06.24"]
[SourceQuality "1"]

1. d4 d5 2. c4 e5 3. dxe5 d4 4. Nf3 Nc6 5. g3 Be6 6. Nbd2 Qd7 7. Bg2 Bh3 8. e6 Bxe6 9. 0-0 Bh3 10. Bxh3 Qxh3 11. e3 dxe3 12. Ne4 Qg4 13. Re1 Rd8 14. Bd2 Kd7 15. Bxe3+ Kc8 16. Nfd2 Qxd1 17. Raxd1 Ne5 18. b3 Bb4 19. a3 Bxa3 20. Ra1 Bb4 21. Rxa7 Ne7 22. f4 Nd3 23. Rd1 Nf5 24. Nf1 Kb8 25. Rda1 1/2-1/2